000 00965nam a22003017a 4500
001 6234
003 FISKH
005 20250403104617.0
008 250403b cb ||||| |||| 00| 0 eng d
020 _a9780439968744
040 _aFISKH
_beng
_cFISKH
_dFISKH
050 _aPZ7.
082 _a823.9
100 _aDolan, Penny
245 _aThe ghoul of bodger o'toole /
_cPenny Dolan ; illustrated by Philip Hopman
250 _aThis edition first published in 2004
260 _aLondon :
_bScholastic,
_c2004
300 _a95 pages :
_billustrations ;
_c20 cm
505 _aN
520 _aThis ghostly tale is set in a haunted boatyard down in rocky, smuggler country, where our hero and/or heroine come to live with their less than capable father.
521 8 _a550
_bLexile
521 8 _aN
_bRaz-Plus
650 _2Hero
_aGhost
650 _2Haunted
_aTale
700 _aHopman, Philip
_dillustrator
942 _2ddc
_cBK
_n0
999 _c6234
_d6234